Smart: lo fundamental y los más efectivo acerca de los clientes
Guardat en:
| Autor principal: | |
|---|---|
| Format: | Llibre |
| Idioma: | espanyol |
| Publicat: |
Bogotá
McGraw Hill
2000
|
| Edició: | 1a. ed |
| Matèries: | |
| Etiquetes: |
Afegir etiqueta
Sense etiquetes, Sigues el primer a etiquetar aquest registre!
|
MARC
| LEADER | 00000cam a2200000 a 4500 | ||
|---|---|---|---|
| 001 | UCD6476 | ||
| 003 | CL-VaPUC | ||
| 008 | 161209e20000000ck |||||||||||||||||spa|d | ||
| 020 | |a 9584101528o.c | ||
| 020 | |a 958410148X | ||
| 082 | 0 | 4 | |a 658.834 |b JAY |2 21 |
| 100 | 0 | |a Jay, Ros |e author |9 590297 | |
| 245 | 1 | 0 | |a Smart: lo fundamental y los más efectivo acerca de los clientes |
| 250 | |a 1a. ed | ||
| 300 | |a 197 p | ||
| 942 | |c BK | ||
| 945 | |d 20161209 23:21:00 |a arojas | ||
| 260 | |a Bogotá |b McGraw Hill |c 2000 | ||
| 650 | 0 | |a Servicio al cliente |9 320800 | |
| 650 | 0 | |a Atención al cliente |9 527293 | |
| 650 | 7 | |a CALIDAD DE SERVICIO |2 CL-VaPUC |9 527332 | |
| 583 | |a last modification |c 20161209 23:21:00 |k Rodrigo Vera | ||
| 999 | |c 366791 |d 366789 | ||